000 00556nam a2200193Ia 4500
999 _c20529
_d20529
003 0100
005 20190228115434.0
008 130303s9999 xx 000 0 und d
040 _cARRUPELIB
050 _aHD2129A41990
245 _aBeyond Hunger in Africa
_bconventional Wisdom and an African Vision
_cEdited by Chinua Achebe et al.
260 _aNairobi
_bHeinemann Kenya LTD
_c1990
300 _axii, 148p. ;
_c22cm.
650 _beconomic forecasting
_zAfrica
_944893
651 _aAfrica
_xEconomic policy
_912207
651 _aAfrica
_xEconomic conditions
_y1960-
_93231
700 _awith a foreword by Akin L. Mabogunje , Hyden, GoranMagadza, ChristopherOkeyo, Achola Pala
_944894
942 _2lcc
_cMONOGRAPH